| 000 | 00431nam a2200157Ia 4500 | ||
|---|---|---|---|
| 003 | GCL | ||
| 008 | 140319s9999 xx 000 0 eng d | ||
| 040 |
_aGCL / _cGCL |
||
| 082 | 0 | 4 |
_a657.42 _bW C |
| 100 | 1 | _aWILLIAMSON, DUNCAN | |
| 245 | 1 | 0 |
_aCOST AND MANAGEMENT ACCOUNTING / _cWILLIAMSON, DUNCAN |
| 260 |
_a[S.N] : _bPRENTICE HALL ، _c1996 |
||
| 650 | 0 | 4 | _aMANAGEMENT - ACCOUNTING |
| 650 | 0 | 4 | _aCOST ACCOUNTING |
| 942 |
_2ddc _cBK |
||
| 999 |
_c13183 _d13183 |
||